Data mining: Concepts and techniques (Record no. 168139)

MARC details
000 -LEADER
fixed length control field 00388nam a2200145Ia 4500
008 - FIXED-LENGTH DATA ELEMENTS--GENERAL INFORMATION
fixed length control field 231217s9999 xx 000 0 und d
041 ## - LANGUAGE CODE
Language code of text/sound track or separate title English
082 ## - DEWEY DECIMAL CLASSIFICATION NUMBER
Classification number 005.7 HAN;1 `R'
100 ## - MAIN ENTRY--PERSONAL NAME
Personal name Han, JiaweiKamber, Micheline
245 #0 - TITLE STATEMENT
Title Data mining: Concepts and techniques
260 ## - PUBLICATION, DISTRIBUTION, ETC.
Date of publication, distribution, etc. 2001
Name of publisher, distributor, etc. New Delhi : Harcourt India,
300 ## - PHYSICAL DESCRIPTION
Extent xxiv+550
650 ## - SUBJECT ADDED ENTRY--TOPICAL TERM
Topical term or geographic name entry element Data mining
942 ## - ADDED ENTRY ELEMENTS (KOHA)
Koha item type Books
Holdings
Date last seen Total checkouts Full call number Accession number Cost, total (INR) price Price effective from Category Lost status Damaged status Department Withdrawn status Home library Current library Entry date Vendor Cost, normal purchase price Grants Billnumber Billdate Currency symbol Conversion rate Discount Old discount
26/01/2024   005.7 HAN;1 `R' 18330 250.75 26/01/2024 Books     Central Library   Central Library Central Library 16/10/2001 New Era 295.00 MCA 445 16/03/2004 RS 1 44.25 15

© For any Suggestions or Query, please contact the library staff @ librarian@pes.edu or Phone: +9180 2672 1983/ 2108.